000 00516nam a2200193 i 4500
001 142078
003 ES-MaACL
005 20230906200435.0
007 t|
008 071002s1964 sp ||||1| spa d
080 _a301(038)
100 1 _aViroux, Alain.
_9115466
245 1 0 _aLéxico de sociología /
_cAlain Viroux.
250 _a[1ª ed.].
260 _aBarcelona :
_bEstela,
_c1964.
300 _a75 p. ;
_c17 cm.
650 1 4 _aSociología-
_vDiccionarios.
_917197
852 _aES-MaACL
_jC-26517
_bR.55201
999 _c142078
_d142078